000 00348nam a2200145Ia 4500
008 240624s9999 xx 000 0 und d
041 _aeng
082 _a332.041 BLI
100 _aBLISS CHRISTOPHER
245 _aCAPITAL THEORY
260 _c2005
_aLondon
_bEdward Elgar
300 _alx, : 564 : p. : cm. ; 24
365 _cGBP
_b30
440 _v3
999 _c26643
_d26643